Statistics for Simpson’s Quiz

Click here to take the quiz!

General Stats

  • This quiz has been taken 16 times
  • The average score is 10 of 15

Answer Stats

QuestionAnswer% Correct
What’s the Simpson’s 3rd kid named?Maggie
93%
How many Simpson’s Characters are in the main family of the Simpson’s (excluding Grandpa)5
87%
Where do the Simpson’s live?Springfield
87%
How old is Maggie?1
80%
Hold old is Bart?10
80%
How many sisters does Marge have?2
80%
How old is Lisa?8
80%
How many Simpson’s seasons are there? (By 9/29/22)34
73%
What’s the Simpson’s dog’s name?Santa’s Little Helper
73%
How old is Marge?36
67%
How old is Homer?39
67%
How old is Grandpa?83
53%
What is Milhouse’s Dad’s full name?Kirk Van Houten
33%
Who works at Kwik-E-Mart? (Add last name)Apu Nahasapeemapetilon
13%
Who was Springfield’s oldest resident?Cornelius Chapman
0%

Score Distribution

Percentile by Number Answered

Percent of People with Each Score

Your Score History

You have not taken this quiz